Blooms : contemporary floral design
| Format: | Book |
|---|---|
| Published: |
London :
Phaidon Press Limited ,
2019
|
| Subjects: |
MARC
| LEADER | 00000cam a2200000 7i4500 | ||
|---|---|---|---|
| 001 | 0000278145 | ||
| 005 | 20201222155230.0 | ||
| 020 | |a 9780714878591 | ||
| 090 | 0 | 0 | |a 745.92 |b BLO |
| 245 | 0 | 0 | |a Blooms : |b contemporary floral design |
| 260 | |a London : |b Phaidon Press Limited , |c 2019 | ||
| 300 | |a 271p. ; |c 28cm. | ||
| 650 | 0 | |a Flower arrangement | |
| 999 | |a 00384666 |b BUKU |c RUJUKAN |e PERPUSTAKAAN KOMUNITI PETALING JAYA | ||